LEADER 01526nam 2200457Ia 450 001 9910711136003321 005 20180711121003.0 024 8 $aGOVPUB-C13-345c46d3da84ae6ad8c7266bb96bbee3 035 $a(CKB)5470000002480653 035 $a(OCoLC)959982969 035 $a(OCoLC)995470000002480653 035 $a(EXLCZ)995470000002480653 100 $a20161006d1955 ua 0 101 0 $aeng 181 $ctxt$2rdacontent 182 $cc$2rdamedia 183 $acr$2rdacarrier 200 10$aReport on the luminous flux of four lamps for the National Physical Laboratory /$fRay P. Teele 210 1$aGaithersburg, MD :$cU.S. Dept. of Commerce, National Institute of Standards and Technology,$d1955. 215 $a1 online resource 225 1 $aNBS report ;$v3484 300 $a1955. 300 $aContributed record: Metadata reviewed, not verified. Some fields updated by batch processes. 300 $aTitle from PDF title page. 320 $aIncludes bibliographical references. 606 $aPhotometry 606 $aPhotometry$2fast 615 0$aPhotometry. 615 7$aPhotometry. 700 $aTeele$b Ray P$01394667 701 $aTeele$b Ray P$01394667 712 02$aUnited States.$bNational Bureau of Standards. 801 0$bNBS 801 1$bNBS 801 2$bOCLCO 801 2$bOCLCF 801 2$bOCLCQ 906 $aBOOK 912 $a9910711136003321 996 $aReport on the luminous flux of four lamps for the National Physical Laboratory$93488757 997 $aUNINA LEADER 01086nam--2200349---450 001 990000639740203316 005 20240610132112.0 035 $a0063974 035 $aUSA010063974 035 $a(ALEPH)000063974USA01 035 $a0063974 100 $a20010925d1985----km-y0itay0103----ba 101 $aeng 102 $aUS 105 $a||||||||001yy 200 1 $aArithmetic functions and integer products 210 $aNew York$cSpringer-Verlag$dc1985 215 $aXV, 461 p.$d23 cm 225 2 $a<> Grundlehren der Mathematischen Wissenschaften$v272 410 0$1001000316845$12001$a<> Grundlehren der Mathematischen Wissenschaften$v272 676 $a512.72 700 1$aELLIOTT,$bPeter D.T.A.$012030 801 0$aIT$bsalbc$gISBD 912 $a990000639740203316 951 $a510 GLM 272$b12705 CBS$c510$d00108870 959 $aBK 969 $aSCI 979 $aPATTY$b90$c20010925$lUSA01$h1455 979 $c20020403$lUSA01$h1713 979 $aPATRY$b90$c20040406$lUSA01$h1644 996 $aArithmetic functions and integer products$979726 997 $aUNISA